| 000 | 00653nam a2200181 a 4500 | ||
|---|---|---|---|
| 008 | 160428c20139999||||||||||||||||| || u | ||
| 020 | _a9781907994104 | ||
| 050 | _aCD/HD 2341 Sut | ||
| 100 | _aLangmead, Gillian | ||
| 245 | 1 | 3 |
_aAn Enterprise map of Zambia _cJohn Sutton and Gillian Langmead _h[cd-rom] |
| 260 |
_aLondon _bInternational Growth Centre _c2013 |
||
| 300 | _a4 3/4 in | ||
| 650 | 0 | _aSMALL BUSINESS | |
| 650 | _aINDUSTRIAL PROMOTION--ZAMBIA | ||
| 650 | _aINDUSTRIES--ZAMBIA | ||
| 700 | _aSutton, John | ||
| 995 |
_FCBU-MAIN LIBRARY (Kitwe) _M1 _UAVAILABLE _WApr 28, 2016 _Ze-Media Collection |
||
| 999 |
_c42100 _d42100 |
||